Cost Control in Building Design (Record no. 548859)

000 -LEADER
fixed length control field 00456nam a22001337a 4500
082 ## - DEWEY DECIMAL CLASSIFICATION NUMBER
Classification number 690.068
Author Mark COS
-- D
100 ## - MAIN ENTRY--PERSONAL NAME
Personal name Programme Division of International Tutor Machines Ltd
9 (RLIN) 45301
245 ## - TITLE STATEMENT
Title Cost Control in Building Design
Remainder of title Cost Control in Building Design A programmed text
260 ## - PUBLICATION, DISTRIBUTION, ETC.
Place of publication, distribution, etc. London
Name of publisher, distributor, etc. Her Majesty's Stationery Office London
300 ## - PHYSICAL DESCRIPTION
Extent ix, 419 P, :
526 ## - STUDY PROGRAM INFORMATION NOTE
Program name 0
Interest level 0
Reading level 0
Title point value 690_068000000000000_COS
650 ## - SUBJECT ADDED ENTRY--TOPICAL TERM
Topical term or geographic name entry element MCE
9 (RLIN) 379
942 ## - ADDED ENTRY ELEMENTS (KOHA)
Source of classification or shelving scheme
Koha item type Book
Holdings
Withdrawn status Lost status Source of classification or shelving scheme Damaged status Not for loan Permanent Location Current Location Date acquired Total Checkouts Full call number Barcode Date last seen Price effective from Koha item type
          Military College of Engineering (MCE) Military College of Engineering (MCE) 09/09/2014   690.068 COS MCE-40641 09/09/2014 09/09/2014 Book
© 2023 Central Library, National University of Sciences and Technology. All Rights Reserved.